000 01369nam a22003617a 4500
003 CHAP
005 20220817043110.0
008 971010s1983 r 00010 d
010 _a65645
011 _a66617
035 _a75059
040 _cCHAP
082 _a636.085
_bS54
100 0 0 _aShimada, Armando S.
_9105698
245 _aFundamentos de nutrición animal comparativa
260 _aMéxico :
_bSistema de Educación Contínua en Producción Animal en México,
_c1983
300 _a373 p.
_b: ilus.
500 _a1992-164
590 _aBATCH-UPD
_b10
_c20130110
_lUCH01
_h1548
590 _aBATCH-UPD
_b10
_c20130410
_lUCH01
_h0946
590 _aBATCH-UPD
_b10
_c20130914
_lUCH01
_h1845
590 _aCONVERSION
_b10
_c20130109
_lUCH01
_h1336
650 1 4 _aNutrición animal.
901 _aBK
942 _cLIBRO
949 _a636.085 S54
_bBC
_cLIBRO
_d-95026
_eLIBRO
_fc.5
_h71814
_i75059
_si
949 _a636.085 S54
_bBC
_cLIBRO
_d33724000274742
_eLIBRO
_fc.3
_h71812
_i75059
_si
949 _a636.085 S54
_bBC
_cLIBRO
_d33724000274759
_eLIBRO
_fc.4
_h71813
_i75059
_si
949 _a636.085 S54
_bBC
_cLIBRO
_d33724000938478
_eLIBRO
_fc.2
_h71810
_i75059
_si
949 _a636.085 S54
_bBC
_cLIBRO
_d33724002063710
_eLIBRO
_h71810
_i75059
_si
949 _a636.085 S54
_bZ
_cLIBRO
_d-68132
_eLIBRO
_fc.2
_h1315
_i75059
_si
949 _a636.085 S54
_bZ
_cLIBRO
_d-7991
_eLIBRO
_h1314
_i75059
_si
999 _c65645
_d65645